| 000 | 00776nam a2200289 a 4500 | ||
|---|---|---|---|
| 003 | PILC | ||
| 005 | 20150826142454.0 | ||
| 008 | 060719s19uu xx 00 eng d | ||
| 020 | _a9812595376 | ||
| 020 | _a0721691412 | ||
| 020 | _a9789812595379 | ||
| 050 |
_aRT 41 _b.F86 2005 |
||
| 245 |
_aFundamentals of nursing : _bcaring and clinical judgement / _cedited by Helen Harkreader and Mary Ann Hogan. |
||
| 250 | _a2nd edition. | ||
| 260 |
_aSingapore : _bElseviere Inc, _c2005. |
||
| 300 |
_a1346 pages : _billustrations ; _c26 cm. |
||
| 650 | _aNursing. | ||
| 650 | _aNursing Care. | ||
| 700 | _aHogan, Mary Ann | ||
| 942 |
_cBK _2lcc _kFOR |
||
| 999 |
_c21480 _d21480 |
||